Statistiken für Kader Borussia Dortmund

Klicken Sie hier um das Quiz zu spielen!

Allgemein

  • Dieses Quiz wurde 464 mal gespielt
    (196 seit der letzten Aktualisierung)
  • Das Durchschnittsergebnis liegt bei 19 aus 30

Antwortstatistiken

#
Spieler% Korrekt
1Gregor Kobel
98%
11Marco Reus
96%
15Mats Hummels
94%
4Nico Schlotterbeck
94%
9Sébastien Haller
90%
25Niklas Süle
87%
23Emre Can
86%
19Julian Brandt
86%
27Karim Adeyemi
77%
21Donyell Malen
75%
18Youssoufa Moukoko
73%
Edin Terzic
72%
7Giovanni Reyna
69%
6Salih Özcan
69%
33Alexander Meyer
67%
5Ramy Bensebaini
66%
26Julian Ryerson
65%
17Marius Wolf
65%
24Thomas Meunier
63%
8Felix Nmecha
62%
43Jamie Bynoe-Gittens
59%
2Mateu Morey Bauzà
53%
10Thorgan Hazard
51%
16Julien Duranville
45%
35Marcel Lotka
45%
44Soumaila Coulibaly
36%
47Antonios Papadopoulos
32%
32Abdoulaye Kamara
26%
30Ole Pohlmann
26%
31Silas Ostrzinski
6%

Verteilung der Resultate

Perzentil nach korrekt beantworteten Fragen

Anzahl Personen mit jedem Resultat

Ihre Resultats-Entwicklung

Sie haben dieses Quiz seit der letzten Aktualisierung nicht gespielt